000 00657nam a2200241 a 4500
001 nice12345678
003 IN_TiNIC
005 20260116013729.0
008 050524s1996 newa grp 000 0 eng
020 _a
_c1206
082 0 0 _a340.59
_bWHE
100 _aWheeler, Brannon M
245 _aApplying the Canon in Islam
260 _aNew York
_bState University of New York
_c1996
300 _a324p
500 _aincludes index and biblioraphy
505 2 _aSelected Bibliography, Abbreviation, Commentary
650 _aIslamic-Law Interpretarion and Cons
700 1 _aWheeler, Brannon M
902 _bSRS
942 _cBK
999 _c12197
_d12197